| 000 | 00957nam a2200229 i 4500 | ||
|---|---|---|---|
| 001 | 92964 | ||
| 003 | ES-MaACL | ||
| 005 | 20250812082830.0 | ||
| 007 | t| | ||
| 008 | 050406s1952 sp ||||1| spa d | ||
| 100 | 1 |
_aLockrey, A. J. _973054 |
|
| 245 | 1 | 0 |
_aPlásticos de artesanía / _cA. J. Lockrey; versión de la tercera edición en lengua inglesa por Luis Graupera. |
| 260 |
_aBarcelona : _bGustavo Gili, _c1952. |
||
| 300 |
_a239 p. : _b1 lám. col., il. ; _c26 cm. |
||
| 650 | 7 |
_aArtesanía _2embne _910344 |
|
| 700 | 1 |
_aGraupera, Luis. _959766 |
|
| 852 |
_aES-MaACL _jD-6409 _bR.32032 _bR.M.6004 _996360 _cSVI _fSello en tinta azul de la Biblioteca del Ateneo de Madrid _gAnotación manuscrita en cubierta: "24" _zEn cubierta: "16.OCT.1952" |
||
| 942 |
_2udc _cMONOGRAFIA |
||
| 999 |
_c92964 _d92964 |
||